| 000 | 00250nam a22000857a 4500 | ||
|---|---|---|---|
| 999 |
_c23588 _d23588 |
||
| 003 | Nust | ||
| 005 | 20170526164839.0 | ||
| 008 | 131219b xxu||||| |||| 00| 0 eng d | ||
| 020 | _cAvailable | ||
| 040 |
_aDLC _bDLC _cRCMS |
||
| 082 | _a301.082 TAG | ||
| 100 |
_aAbdul Hameed Taga _9472 |
||
| 245 |
_aTheory & Research in Sociology _bFor All Degree Classes |
||
| 260 |
_aLahore _bA. H. Taga & Sons, _cc2007 |
||
| 300 |
_a200 p. _b: ill. _c; 21 cm. |
||
| 500 | _a | ||
| 538 | _iShelf # 13, Row # 3, Fiction. | ||
| 650 |
_aSociology--Collections. _9473 |
||
| 856 | _3Table of Content Only | ||
| 942 |
_2ddc _cFIC |
||